Devinez le Département Mystère #7 - Statistiques

Statistiques générales
  • Ce quiz a été pris 323 fois
  • Le résultat moyen est 30 sur 32
Statistiques - réponses
Type de Réponse Réponse % Correct
Lettre Trouvée A
100%
Lettre Trouvée E
100%
Lettre de l'Alphabet I
100%
Lettre Trouvée N
100%
Lettre de l'Alphabet O
100%
Lettre Trouvée R
100%
Lettre de l'Alphabet S
99%
Lettre de l'Alphabet D
98%
Lettre de l'Alphabet H
98%
Lettre de l'Alphabet L
98%
Lettre de l'Alphabet U
98%
Lettre de l'Alphabet T
96%
Lettre de l'Alphabet V
96%
Lettre Bien Placée E
95%
Lettre de l'Alphabet C
94%
Lettre de l'Alphabet G
92%
Lettre Bien Placée N
91%
Lettre de l'Alphabet Y
91%
Lettre de l'Alphabet B
90%
Lettre Trouvée M
90%
Lettre de l'Alphabet P
90%
Lettre de l'Alphabet F
89%
Lettre Bien Placée A
86%
Lettre de l'Alphabet J
86%
Lettre de l'Alphabet Q
86%
Lettre Bien Placée R
86%
Lettre de l'Alphabet Z
86%
Lettre de l'Alphabet X
85%
Lettre de l'Alphabet K
84%
Lettre Bien Placée M
84%
Département Mystère Marne
84%
Lettre de l'Alphabet W
84%
Aucun quiz correspondant
Distribution des résultats
% des personnes avec chaque résultat
Percentile par nombre de réponses
Votre historique - résultats
Vous n’avez pas pris ce quiz